League of Legends - Champions Freljord - Statistiques

Statistiques générales
  • Ce quiz a été pris 155 fois
  • Le résultat moyen est 11 sur 17
Statistiques - réponses
Réponse % Correct
Ashe
97%
Anivia
95%
Sejuani
95%
Volibear
86%
Lissandra
85%
Tryndamere
83%
Ornn
80%
Braum
78%
Olaf
77%
Nunu & Willump
60%
Trundle
55%
Gragas
53%
Gnar
50%
Udyr
49%
Sylas
42%
Brand
21%
Ivern
9%
Aucun quiz correspondant
Distribution des résultats
% des personnes avec chaque résultat
Percentile par nombre de réponses
Votre historique - résultats
Vous n’avez pas pris ce quiz